Problematika kapitálového trhu v transformácii slovenskej ekonomiky

Guardado en:
Detalles Bibliográficos
Autor principal: Piovarčiová, Veronika, 1951-
Formato: Capítulo de libro
Lenguaje:eslovaco
Etiquetas: Agregar Etiqueta
Sin Etiquetas, Sea el primero en etiquetar este registro!

MARC

LEADER 00000naa$a2200000$$$4500
001 0110868
005 20221207123821.3
041 0 |a slo 
044 |a SK 
245 1 0 |a Problematika kapitálového trhu v transformácii slovenskej ekonomiky  |c Veronika Piovarčiová 
100 1 |a Piovarčiová, Veronika, 1951-